000
00323nam a2200133Ia 4500
999
_c
16723
_d
16723
082
_a
TD.0235
100
_a
Dalal, Manoharlal
245
0
_a
Malwa me kala tatha sthapatya
260
_c
1972
_b
Vikram University
300
_a
343p., maps. + C D 18
650
_a
ARTS - MALWA
650
_a
MALWA - HISTORY
942
_c
TH
_2
ddc